000 00323nam a22001457a 4500
008 210310b ||||| |||| 00| 0 eng d
020 _a2901449686917
041 _aeng
080 _27th
_a615
082 _a615
100 _a5
101 _aFAR
245 _aPharmacy Practice and the Law
_cAbood,R.R
942 _2udc
_cBK
999 _c56178
_d56178